000 00424nam a2200181Ia 4500
001 7988
005 20260306160536.0
008 260306t1999||||xx |||||||||||||| ||spa||
041 _aESP
082 _a370
_bE56 V. 1
100 _aGispert, Carlos
_eAUT
245 0 _aEnciclopedia general de la educación
260 _c1999
300 _apágs. :
_c26 cm.
650 _aGEN
654 _aCED
942 _cLIB
_dJUS
_fJUS
_2ddc
_n
999 _c7988
_d7988